Club Concepción, 1867-1990.
Saved in:
| Hovedforfatter: | |
|---|---|
| Format: | Bog |
| Sprog: | spansk |
| Udgivet: |
Concepción, Chile:
Editora Aníbal Pinto,
1990.
|
| Udgivelse: | Primera edición. |
| Fag: | |
| Tags: |
Tilføj Tag
Ingen Tags, Vær først til at tagge denne postø!
|
MARC
| LEADER | 00000cam a2200000 a 4500 | ||
|---|---|---|---|
| 001 | UCC8725 | ||
| 003 | CL-VaPUC | ||
| 005 | 20241021112833.0 | ||
| 008 | 190809e19900000cl |||||||||||||||||spa|d | ||
| 999 | |c 374977 |d 374975 | ||
| 040 | |c Pontificia Universidad Católica de Valparaíso | ||
| 082 | 0 | 4 | |a 367.0983 MUÑ 1990 |2 21 |
| 100 | |a Muñoz Labraña, Carlos E. |e autor |9 603442 | ||
| 245 | 1 | 0 | |a Club Concepción, 1867-1990. |
| 250 | |a Primera edición. | ||
| 260 | |a Concepción, Chile: |b Editora Aníbal Pinto, |c 1990. | ||
| 300 | |a 153 páginas. | ||
| 500 | |a c. Fondo Budge. Donación del Profesor Sr. Eduardo Cavieres. 05-08-2019. | ||
| 583 | |a last modification |c 20190809 11:18:00 |k Rodrigo Vera | ||
| 650 | 0 | |a Historia de ciudades |9 445863 | |
| 650 | 7 | |a CLUBES SOCIALES |2 CL-VaPUC |9 518001 | |
| 942 | |c BK |2 ddc | ||
| 945 | |d 20190809 11:18:00 |a dcastane | ||
| 952 | |0 0 |1 0 |3 erb |4 0 |6 367_098300000000000_MUÑ_1990 |7 0 |8 X |9 493763 |a FDOBUD |b FDOBUD |i 559510K |o 367.0983 MUÑ 1990 |p 559510K |r 2019-11-24 |w 2019-11-24 |y BK_X |z Catalogado en:20190809 |k BUD | ||